[Event "37th Reykjavik op"]
[Site "Reykjavik ISL"]
[Date "2024.03.17"]
[Round "4.19"]
[White "Wadsworth, Matthew"]
[Black "Soderstrom, Adrian"]
[WhiteElo "2450"]
[BlackElo "2288"]
[Result "1-0"]
[EventDate "2024.03.15"]
[PlyCount "115"]

1. Nf3 {[%eval 2,0]} d5 {[%eval 2,0]} 2. g3 {[%eval 19,0]} g6 {[%eval 32,0]} 3.
Bg2 {[%eval 16,0]} Bg7 {[%eval 18,0]} 4. d4 {[%eval 17,0]} Nf6 {[%eval 25,0]}
5. O-O {[%eval 14,0]} O-O {[%eval 7,0]} 6. c4 {[%eval 11,0]} Nc6 {[%eval 48,0]}
7. cxd5 {[%eval 62,0]} Nxd5 {[%eval 29,0]} 8. e4 {[%eval 56,0]} Nb6 {[%eval 52,
0]} 9. d5 {[%eval 55,0]} Na5 {[%eval 49,0]} 10. Qe1 {[%eval 46,0]} Nac4 {
[%eval 5,0]} 11. Nc3 {[%eval 46,0]} e6 {[%eval 41,0]} 12. Bg5 {[%eval 47,0]} f6
{[%eval 46,0]} 13. Bc1 {[%eval 46,0]} exd5 {[%eval 39,0]} 14. exd5 {[%eval 4,0]
} Nxd5 {[%eval 48,0]} 15. Nd4 {[%eval 47,0]} Nxc3 {[%eval 59,0]} 16. Qxc3 {
[%eval 51,0]} Ne5 {[%eval 5,0]} 17. Rd1 {[%eval 31,0]} c5 {[%eval 85,0]} 18.
Qb3+ $6 {[%eval 19,0] Inaccuracy. Qxc5 was best.} (18. Qxc5) 18... Kh8 {
[%eval 13,0]} 19. Nc6 {[%eval 28,0]} Qc7 {[%eval 5,0]} 20. Nxe5 {[%eval 52,0]}
fxe5 {[%eval 54,0]} 21. Be3 {[%eval 42,0]} Rb8 {[%eval 42,0]} 22. Qc4 {[%eval
42,0]} b6 {[%eval 55,0]} 23. b4 {[%eval 67,0]} Bb7 $6 {[%eval 142,0]
Inaccuracy. Re8 was best.} (23... Re8 24. bxc5) 24. Bxb7 {[%eval 121,0]} Qxb7 {
[%eval 148,0]} 25. bxc5 {[%eval 169,0]} bxc5 {[%eval 139,0]} 26. Rd5 {[%eval
115,0]} Rbc8 {[%eval 114,0]} 27. Rc1 {[%eval 109,0]} Rfd8 $6 {[%eval 188,0]
Inaccuracy. h5 was best.} (27... h5 28. Rxc5 Rxc5 29. Qxc5 a6 30. Qc7 Qxc7 31.
Rxc7 Rf6 32. Kf1 Bf8 33. Ke2 Ba3 34. Kd3) 28. Rxd8+ {[%eval 185,0]} Rxd8 {
[%eval 179,0]} 29. Qxc5 {[%eval 182,0]} Qf3 $6 {[%eval 253,0] Inaccuracy. h5
was best.} (29... h5 30. Qxa7 Qxa7 31. Bxa7 Bh6 32. Rc4 Rd2 33. a4 Kg7 34. Rc7+
Kf6 35. a5 Kf5 36. Bb6) 30. Qxa7 {[%eval 252,0]} Rd1+ {[%eval 245,0]} 31. Rxd1
{[%eval 253,0]} Qxd1+ {[%eval 242,0]} 32. Kg2 {[%eval 243,0]} Qd5+ {[%eval 236,
0]} 33. f3 {[%eval 243,0]} h5 {[%eval 222,0]} 34. Qb8+ $6 {[%eval 138,0]
Inaccuracy. Qa4 was best.} (34. Qa4 e4 35. fxe4 Qd3 36. Bf2 h4 37. Qa8+ Kh7 38.
gxh4 Qe2 39. Qd5 Qg4+ 40. Kf1 Qh3+) 34... Kh7 {[%eval 132,0]} 35. Qb3 {[%eval
133,0]} Qc6 {[%eval 129,0]} 36. Qb1 $6 {[%eval 61,0] Inaccuracy. Qd3 was best.}
(36. Qd3 Qe6) 36... Qc4 {[%eval 51,0]} 37. Bf2 {[%eval 63,0]} Qa4 $4 {[%eval
245,0] Blunder. e4 was best.} (37... e4 38. fxe4 Qe2 39. Kg1 h4 40. a4 Qd2 41.
Qe1 Qc2 42. gxh4 Qxa4 43. Qe2 Bd4 44. h5) 38. Qb3 {[%eval 202,0]} Qc6 $6 {
[%eval 346,0] Inaccuracy. Qa6 was best.} (38... Qa6) 39. Qb4 {[%eval 319,0]}
Qc2 {[%eval 381,0]} 40. a4 {[%eval 305,0]} Qc6 $6 {[%eval 452,0] Inaccuracy.
Qa2 was best.} (40... Qa2 41. a5 e4 42. fxe4 h4 43. gxh4 Qe6 44. h3 Qc6 45. Qb3
Qxe4+ 46. Qf3 Qa4 47. Qd5) 41. h4 {[%eval 483,0]} Qa8 {[%eval 485,0]} 42. Bb6 {
[%eval 448,0]} Qc6 {[%eval 483,0]} 43. a5 {[%eval 482,0]} Qd5 {[%eval 501,0]}
44. Bf2 {[%eval 496,0]} Qa8 {[%eval 505,0]} 45. Be1 {[%eval 472,0]} Qa6 {
[%eval 449,0]} 46. Qb6 {[%eval 511,0]} Qe2+ {[%eval 505,0]} 47. Bf2 {[%eval
501,0]} e4 {[%eval 483,0]} 48. fxe4 {[%eval 498,0]} Qxe4+ {[%eval 523,0]} 49.
Kg1 {[%eval 498,0]} Qd5 {[%eval 554,0]} 50. a6 {[%eval 541,0]} Qd1+ {[%eval
584,0]} 51. Kh2 {[%eval 606,0]} Qf3 {[%eval 565,0]} 52. Qe3 {[%eval 564,0]} Qa8
{[%eval 583,0]} 53. a7 {[%eval 567,0]} Qc6 {[%eval 609,0]} 54. Qf4 {[%eval 506,
0]} Qd5 {[%eval 555,0]} 55. Qb8 {[%eval 552,0]} Qf3 {[%eval 532,0]} 56. a8=Q {
[%eval 614,0]} Qxf2+ {[%eval 600,0]} 57. Qg2 {[%eval 606,0]} Qd4 {[%eval 507,0]
} 58. Qa2 {[%eval 516,0]} 1-0

[Event "37th Reykjavik op"]
[Site "Reykjavik ISL"]
[Date "2024.03.17"]
[Round "4.20"]
[White "Galperin, Platon"]
[Black "Bisby, Daniel"]
[WhiteElo "2555"]
[BlackElo "2273"]
[Result "1/2-1/2"]
[EventDate "2024.03.15"]
[PlyCount "158"]

1. d4 {[%eval 15,0]} Nf6 {[%eval 16,0]} 2. c4 {[%eval 16,0]} g6 {[%eval 37,0]}
3. Nc3 {[%eval 31,0]} Bg7 {[%eval 7,0]} 4. e4 {[%eval 67,0]} d6 {[%eval 58,0]}
5. Be2 {[%eval 13,0]} O-O {[%eval 45,0]} 6. Nf3 {[%eval 5,0]} Nbd7 {[%eval 84,
0]} 7. O-O {[%eval 68,0]} e5 {[%eval 76,0]} 8. Be3 {[%eval 72,0]} Qe7 {[%eval
85,0]} 9. Qc2 {[%eval 9,0]} c6 {[%eval 97,0]} 10. Rad1 {[%eval 83,0]} h6 {
[%eval 111,0]} 11. dxe5 {[%eval 62,0]} dxe5 {[%eval 63,0]} 12. a3 {[%eval 57,0]
} Nh5 {[%eval 73,0]} 13. g3 {[%eval 72,0]} Nc5 {[%eval 69,0]} 14. b4 {[%eval
75,0]} Ne6 {[%eval 8,0]} 15. Rfe1 {[%eval 73,0]} Qc7 {[%eval 78,0]} 16. c5 {
[%eval 75,0]} Nf6 {[%eval 73,0]} 17. Na4 {[%eval 78,0]} Ng4 {[%eval 81,0]} 18.
Bc1 {[%eval 8,0]} Nd4 {[%eval 102,0]} 19. Nxd4 {[%eval 89,0]} exd4 {[%eval 102,
0]} 20. Bf4 {[%eval 95,0]} Be5 {[%eval 91,0]} 21. Bc1 {[%eval 92,0]} Bg7 {
[%eval 103,0]} 22. Nb2 {[%eval 103,0]} b5 {[%eval 114,0]} 23. Nd3 {[%eval 99,0]
} h5 {[%eval 125,0]} 24. Bf4 {[%eval 131,0]} Qd8 $6 {[%eval 208,0] Inaccuracy.
Ne5 was best.} (24... Ne5) 25. Bd6 {[%eval 194,0]} Re8 {[%eval 200,0]} 26. Bf3
{[%eval 214,0]} a5 {[%eval 225,0]} 27. Bg2 $6 {[%eval 149,0] Inaccuracy. e5
was best.} (27. e5 Bf5 28. Bxc6 Rxe5 29. Bxe5 Nxe5 30. Rxe5 Bxe5 31. Bxa8 Qxa8
32. c6 axb4 33. Qc5 Bg7) 27... Be6 {[%eval 186,0]} 28. e5 {[%eval 195,0]} Qd7 {
[%eval 212,0]} 29. a4 {[%eval 207,0]} Bc4 {[%eval 208,0]} 30. h3 {[%eval 214,0]
} Nh6 {[%eval 201,0]} 31. bxa5 {[%eval 156,0]} Rxa5 {[%eval 144,0]} 32. Nb4 {
[%eval 148,0]} Rxa4 {[%eval 165,0]} 33. Bxc6 $2 {[%eval 0,0] Mistake. Nxc6 was
best.} (33. Nxc6) 33... Qxh3 {[%eval 0,0]} 34. Bxe8 {[%eval 0,0]} Rxb4 {
[%eval 0,0]} 35. Qe4 {[%eval 0,0]} Ng4 $2 {[%eval 117,0] Mistake. Rb2 was best.
} (35... Rb2 36. Rxd4 Ng4 37. Qg2 Nxf2 38. Qxh3 Nxh3+ 39. Kh1 Nf2+ 40. Kg1 Nh3+
) 36. Qg2 {[%eval 118,0]} Qxg2+ {[%eval 105,0]} 37. Kxg2 {[%eval 137,0]} Rb2 {
[%eval 103,0]} 38. Rxd4 {[%eval 177,0]} Nxf2 {[%eval 174,0]} 39. Kf3 $6 {
[%eval 88,0] Inaccuracy. Rxc4 was best.} (39. Rxc4) 39... g5 $4 {[%eval 351,0]
Blunder. Nd3 was best.} (39... Nd3) 40. Rxc4 {[%eval 378,0]} bxc4 {[%eval 304,
0]} 41. Re2 $4 {[%eval 0,0] Blunder. c6 was best.} (41. c6) 41... c3 {[%eval 3,
0]} 42. Ba4 $6 {[%eval -93,0] Inaccuracy. e6 was best.} (42. e6) 42... Nd3 {
[%eval 6,0]} 43. c6 {[%eval 58,0]} g4+ {[%eval -57,0]} 44. Ke3 {[%eval -71,0]}
Nxe5 {[%eval -83,0]} 45. Kf2 {[%eval 73,0]} Nxc6 {[%eval 71,0]} 46. Bxc6 {
[%eval 71,0]} Bd4+ {[%eval 66,0]} 47. Kf1 {[%eval 65,0]} c2 {[%eval 76,0]} 48.
Bf4 {[%eval 63,0]} Rb1+ {[%eval 56,0]} 49. Kg2 $4 {[%eval -109,0] Blunder. Re1
was best.} (49. Re1 Be5) 49... c1=Q {[%eval -137,0]} 50. Bxc1 {[%eval -127,0]}
Rxc1 {[%eval -142,0]} 51. Bd5 {[%eval -127,0]} Kg7 {[%eval -139,0]} 52. Re4 {
[%eval -300,0]} Rd1 {[%eval -149,0]} 53. Rf4 $2 {[%eval -387,0] Mistake. Re7
was best.} (53. Re7 Rd2+ 54. Kh1 Rf2 55. Bc4 Kg6 56. Re8 f5 57. Rg8+ Bg7 58.
Kg1 Rf3 59. Kg2 Rc3) 53... Rd2+ {[%eval -208,0]} 54. Kh1 {[%eval -395,0]} f6 {
[%eval -367,0]} 55. Rf5 {[%eval -311,0]} Be5 {[%eval -316,0]} 56. Bc6 {[%eval
-318,0]} Kg6 {[%eval -324,0]} 57. Be4 {[%eval -324,0]} Kh6 {[%eval -339,0]} 58.
Bc6 {[%eval -393,0]} Bxg3 {[%eval -395,0]} 59. Rxf6+ {[%eval -386,0]} Kg5 {
[%eval -391,0]} 60. Rf7 {[%eval -339,0]} Be5 {[%eval -359,0]} 61. Kg1 {[%eval
-397,0]} h4 {[%eval -399,0]} 62. Bd7 $6 {[%eval -462,0] Inaccuracy. Kf1 was
best.} (62. Kf1 h3 63. Re7 Kf4 64. Re8 g3 65. Ke1 Rc2 66. Rf8+ Ke3 67. Rf3+ Kd4
) 62... Bf6 $4 {[%eval 0,0] Blunder. h3 was best.} (62... h3 63. Kf1 h2 64. Bc6
Rd1+ 65. Ke2 h1=Q 66. Bxh1 Rxh1 67. Rf8 g3 68. Re8 Kf4 69. Kd3) 63. Bxg4 {
[%eval 0,0]} Bd4+ {[%eval 0,0]} 64. Kh1 {[%eval 0,0]} Kxg4 {[%eval 2,0]} 65.
Rf4+ {[%eval 0,0]} Kg5 {[%eval 0,0]} 66. Rg4+ {[%eval 0,0]} Kf5 {[%eval 0,0]}
67. Rf4+ {[%eval 0,0]} Ke5 {[%eval 0,0]} 68. Re4+ {[%eval 0,0]} Kd5 {[%eval 0,
0]} 69. Rxh4 {[%eval 1,0]} Be5 {[%eval 1,0]} 70. Kg1 {[%eval 0,0]} Ke6 {
[%eval 0,0]} 71. Rh5 {[%eval 0,0]} Bf4 {[%eval 0,0]} 72. Kf1 {[%eval 11,0]} Kf6
{[%eval 0,0]} 73. Ke1 {[%eval 0,0]} Ra2 {[%eval 0,0]} 74. Rc5 {[%eval 0,0]} Be5
{[%eval 0,0]} 75. Kd1 {[%eval 9,0]} Kf5 {[%eval 5,0]} 76. Rc2 {[%eval 9,0]} Ra4
{[%eval 17,0]} 77. Re2 {[%eval 11,0]} Bf4 {[%eval 0,0]} 78. Kc2 {[%eval 0,0]}
Ra2+ {[%eval 0,0]} 79. Kd3 {[%eval 0,0]} Rxe2 {[%eval 0,0]} 1/2-1/2

[Event "37th Reykjavik op"]
[Site "Reykjavik ISL"]
[Date "2024.03.17"]
[Round "4.21"]
[White "Pourkashiyan, Atousa"]
[Black "Naudin, Yvan"]
[WhiteElo "2270"]
[BlackElo "1912"]
[Result "1-0"]
[EventDate "2024.03.15"]
[PlyCount "48"]

1. e4 {[%eval 13,0]} c5 {[%eval 33,0]} 2. Nf3 {[%eval 22,0]} Nc6 {[%eval 31,0]}
3. d4 {[%eval 33,0]} cxd4 {[%eval 38,0]} 4. Nxd4 {[%eval 0,0]} e5 {[%eval 36,0]
} 5. Nb5 {[%eval 17,0]} d6 {[%eval 47,0]} 6. N1c3 {[%eval 49,0]} a6 {[%eval 0,
0]} 7. Na3 {[%eval 43,0]} Be6 {[%eval 39,0]} 8. Nd5 {[%eval 0,0]} Bxd5 {
[%eval 44,0]} 9. exd5 {[%eval 42,0]} Nce7 {[%eval 49,0]} 10. c4 {[%eval 48,0]}
f5 $6 {[%eval 108,0] Inaccuracy. Nf6 was best.} (10... Nf6 11. h4) 11. Be2 {
[%eval 100,0]} g6 {[%eval 122,0]} 12. O-O {[%eval 125,0]} Nf6 {[%eval 131,0]}
13. f4 {[%eval 106,0]} Qb6+ $6 {[%eval 167,0] Inaccuracy. Bg7 was best.} (13...
Bg7 14. fxe5) 14. Kh1 {[%eval 192,0]} exf4 {[%eval 207,0]} 15. Bxf4 {[%eval
201,0]} Bg7 {[%eval 212,0]} 16. Qa4+ {[%eval 205,0]} Kf7 {[%eval 192,0]} 17. c5
$6 {[%eval 121,0] Inaccuracy. b4 was best.} (17. b4 Rhd8 18. Qb3 a5 19. Nb5
axb4 20. c5 Qxc5 21. Be3 Qc8 22. Rac1 Qb8 23. Bb6 Ne8) 17... Qxc5 {[%eval 118,
0]} 18. Rac1 {[%eval 102,0]} b5 {[%eval 101,0]} 19. Qa5 $6 {[%eval 42,0]
Inaccuracy. Qb3 was best.} (19. Qb3) 19... Qd4 {[%eval 52,0]} 20. Bxd6 {
[%eval 57,0]} Nfxd5 {[%eval 73,0]} 21. Bf3 {[%eval 37,0]} Rad8 $6 {[%eval 128,
0] Inaccuracy. Rac8 was best.} (21... Rac8) 22. Qxa6 {[%eval 104,0]} Qa4 $4 {
[%eval 506,0] Blunder. Nb4 was best.} (22... Nb4 23. Bxb4 Qxb4 24. Nxb5 Bf6 25.
a3 Qxb2 26. a4 Kg7 27. Nc7 Rb8 28. a5 Rhc8 29. Rfe1) 23. Bxd5+ {[%eval 554,0]}
Nxd5 24. Qb7+ Ke6 1-0

[Event "37th Reykjavik op"]
[Site "Reykjavik ISL"]
[Date "2024.03.17"]
[Round "4.22"]
[White "Thieu, Nguyen Gia Bao"]
[Black "Large, Peter G"]
[WhiteElo "1906"]
[BlackElo "2262"]
[Result "0-1"]
[EventDate "2024.03.15"]
[PlyCount "58"]

1. e4 {[%eval 13,0]} e5 {[%eval 17,0]} 2. Bc4 {[%eval 0,0]} Nc6 {[%eval 21,0]}
3. Nf3 {[%eval 14,0]} g6 $6 {[%eval 97,0] Inaccuracy. Nf6 was best.} (3... Nf6
4. d3 Bc5 5. O-O O-O 6. Re1 d6 7. c3 a6 8. h3) 4. d4 {[%eval 87,0]} exd4 {
[%eval 6,0]} 5. Nxd4 {[%eval 59,0]} Bg7 {[%eval 96,0]} 6. Nxc6 {[%eval 59,0]}
bxc6 {[%eval 86,0]} 7. O-O {[%eval 85,0]} Nh6 {[%eval 75,0]} 8. Nc3 {[%eval 92,
0]} O-O {[%eval 101,0]} 9. Bf4 {[%eval 101,0]} d6 {[%eval 83,0]} 10. h3 {
[%eval 91,0]} Be6 {[%eval 104,0]} 11. Bb3 {[%eval 101,0]} Kh8 {[%eval 107,0]}
12. Qd2 {[%eval 111,0]} Ng8 {[%eval 112,0]} 13. Rfe1 {[%eval 109,0]} Ne7 {
[%eval 149,0]} 14. Bxe6 {[%eval 146,0]} fxe6 {[%eval 151,0]} 15. e5 {[%eval
128,0]} d5 {[%eval 133,0]} 16. Na4 {[%eval 132,0]} Nf5 {[%eval 182,0]} 17. Bg5
{[%eval 175,0]} Qe8 {[%eval 162,0]} 18. Nc5 {[%eval 153,0]} Qf7 {[%eval 194,0]}
19. a4 {[%eval 155,0]} h6 {[%eval 155,0]} 20. Bf4 $4 {[%eval 25,0] Blunder.
Bf6 was best.} (20. Bf6 g5) 20... g5 {[%eval 29,0]} 21. Bg3 {[%eval 69,0]} Rg8
{[%eval 73,0]} 22. a5 {[%eval 98,0]} Bf8 {[%eval 86,0]} 23. Qc3 {[%eval -85,0]}
h5 {[%eval -61,0]} 24. Nb3 {[%eval -23,0]} h4 {[%eval -31,0]} 25. Bh2 {[%eval
-23,0]} g4 $6 {[%eval 98,0] Inaccuracy. c5 was best.} (25... c5) 26. Bf4 $4 {
[%eval -105,0] Blunder. hxg4 was best.} (26. hxg4 Rxg4 27. Qh3 Rg7 28. g4 Qg6
29. Ra4 Nh6 30. Kh1 Qxc2 31. Rf4 c5 32. Rc1 Qxb2) 26... c5 {[%eval -116,0]} 27.
Kh1 {[%eval -104,0]} c4 {[%eval -299,0]} 28. Nd4 {[%eval -228,0]} gxh3 {
[%eval -236,0]} 29. gxh3 $6 {[%eval -324,0] Inaccuracy. g3 was best.} (29. g3
Bb4 30. Qxb4 Nxd4 31. Qc3 c5 32. b3 cxb3 33. cxb3 Qh5 34. Ra4 Raf8 35. Qe3 Nf3)
29... Bb4 {[%eval -392,0]} 0-1

[Event "37th Reykjavik op"]
[Site "Reykjavik ISL"]
[Date "2024.03.17"]
[Round "4.23"]
[White "Ferzli, Michael"]
[Black "Kunz, Andre"]
[WhiteElo "1879"]
[BlackElo "2197"]
[Result "1/2-1/2"]
[EventDate "2024.03.15"]
[PlyCount "78"]

1. d4 {[%eval 15,0]} d5 {[%eval 25,0]} 2. c4 {[%eval 26,0]} e6 {[%eval 28,0]}
3. Nf3 {[%eval 11,0]} c5 {[%eval 47,0]} 4. cxd5 {[%eval 46,0]} exd5 {[%eval 29,
0]} 5. g3 {[%eval 4,0]} Nc6 {[%eval 52,0]} 6. Bg2 {[%eval 67,0]} Nf6 {[%eval
59,0]} 7. O-O {[%eval 51,0]} Be7 {[%eval 44,0]} 8. Nc3 {[%eval 37,0]} O-O {
[%eval 38,0]} 9. dxc5 {[%eval 27,0]} Bxc5 {[%eval 3,0]} 10. Na4 {[%eval 26,0]}
Be7 {[%eval 25,0]} 11. Be3 {[%eval 17,0]} Ne4 {[%eval 32,0]} 12. Rc1 {[%eval
25,0]} Qa5 {[%eval 52,0]} 13. a3 {[%eval 5,0]} Be6 {[%eval 44,0]} 14. b4 {
[%eval 9,0]} Qa6 {[%eval 8,0]} 15. Nd2 {[%eval 3,0]} Nxd2 {[%eval 0,0]} 16.
Bxd2 {[%eval 2,0]} Nd4 {[%eval 13,0]} 17. Re1 {[%eval 19,0]} Rac8 {[%eval 26,0]
} 18. e3 {[%eval 3,0]} Nf5 {[%eval 25,0]} 19. Bf1 {[%eval 22,0]} b5 {[%eval 53,
0]} 20. Nc3 {[%eval 8,0]} Nd6 {[%eval 1,0]} 21. a4 {[%eval 6,0]} Qb7 {[%eval 5,
0]} 22. axb5 {[%eval 7,0]} Nc4 {[%eval 7,0]} 23. Ne2 {[%eval 5,0]} Qxb5 {
[%eval 38,0]} 24. Nd4 {[%eval 41,0]} Qb6 {[%eval 34,0]} 25. Nxe6 {[%eval 2,0]}
fxe6 {[%eval 7,0]} 26. Bxc4 {[%eval 0,0]} dxc4 {[%eval 0,0]} 27. Qg4 {[%eval
27,0]} Bxb4 {[%eval 26,0]} 28. Bxb4 {[%eval 31,0]} Qxb4 {[%eval 19,0]} 29.
Qxe6+ {[%eval 26,0]} Kh8 {[%eval 35,0]} 30. Re2 {[%eval 48,0]} Qb6 $6 {[%eval
14,0] Inaccuracy. a5 was best.} (30... a5) 31. Qd7 {[%eval 1,0]} Rc7 {[%eval 0,
0]} 32. Qa4 {[%eval 0,0]} c3 {[%eval 1,0]} 33. Rec2 {[%eval 2,0]} Qf6 {[%eval
0,0]} 34. Qd4 {[%eval 0,0]} Qf3 {[%eval 0,0]} 35. Qd1 {[%eval 0,0]} Qf6 {
[%eval 1,0]} 36. Qd4 {[%eval 2,0]} Qf5 $6 {[%eval 109,0] Inaccuracy. Qf3 was
best.} (36... Qf3 37. Qd6) 37. Qf4 $6 {[%eval 16,0] Inaccuracy. e4 was best.} (
37. e4) 37... Qc8 $6 {[%eval 102,0] Inaccuracy. Qxf4 was best.} (37... Qxf4 38.
gxf4) 38. Qb4 $6 {[%eval 9,0] Inaccuracy. Rxc3 was best.} (38. Rxc3 Rxc3 39.
Rxc3 Qd8 40. Rd3 Qc8 41. Qa4 Qf5 42. Qc2 a5 43. Rd8 Qf3 44. Rd4 h6) 38... Qf5
39. Qf4 Qc8 1/2-1/2

[Event "37th Reykjavik op"]
[Site "Reykjavik ISL"]
[Date "2024.03.17"]
[Round "4.24"]
[White "Fanos, Haralambos"]
[Black "Karamsetty, Jeevan"]
[WhiteElo "1872"]
[BlackElo "2187"]
[Result "0-1"]
[EventDate "2024.03.15"]
[PlyCount "60"]

1. c4 {[%eval 16,0]} g6 {[%eval 25,0]} 2. d4 {[%eval 25,0]} Bg7 {[%eval 65,0]}
3. Nc3 {[%eval 5,0]} d6 {[%eval 72,0]} 4. e4 {[%eval 43,0]} e5 {[%eval 67,0]}
5. d5 {[%eval 29,0]} a5 {[%eval 61,0]} 6. Be2 {[%eval 44,0]} Na6 {[%eval 39,0]}
7. h4 {[%eval 8,0]} f5 {[%eval 27,0]} 8. h5 {[%eval 31,0]} f4 {[%eval 38,0]} 9.
g3 {[%eval 34,0]} g5 {[%eval 74,0]} 10. Bg4 $6 {[%eval 15,0] Inaccuracy. Nh3
was best.} (10. Nh3 Bd7) 10... h6 {[%eval 44,0]} 11. Qa4+ $6 {[%eval 34,0]
Inaccuracy. Bxc8 was best.} (11. Bxc8 Qxc8 12. f3 c6 13. g4 cxd5 14. cxd5 Qd7
15. Qe2 Bf6 16. b3 Bd8 17. Ba3 Ke7) 11... Kf8 $6 {[%eval 25,0] Inaccuracy. Ke7
was best.} (11... Ke7 12. Bxc8) 12. Be2 $2 {[%eval -98,0] Mistake. Bxc8 was
best.} (12. Bxc8 Qxc8 13. f3 c6 14. Qd1 Kf7 15. Kf1 Nf6 16. g4 cxd5 17. cxd5
Qc4+ 18. Kg2 Nb4) 12... Nf6 {[%eval 86,0]} 13. Nf3 {[%eval -71,0]} Bg4 $6 {
[%eval 66,0] Inaccuracy. Bd7 was best.} (13... Bd7 14. Qb3 Qe8 15. Qxb7 Kg8 16.
Nd2 Nc5 17. Qxc7 Bf8 18. Nb3) 14. Qd1 {[%eval 62,0]} Qd7 $6 {[%eval 0,0]
Inaccuracy. Bd7 was best.} (14... Bd7) 15. gxf4 $2 {[%eval -33,0] Mistake. Nh2
was best.} (15. Nh2 Bxe2 16. Qxe2 c6 17. g4 cxd5 18. cxd5 b5 19. Nxb5 Nxe4 20.
Qxe4 Qxb5 21. Qf5+ Kg8) 15... Bxf3 {[%eval -62,0]} 16. Bxf3 {[%eval -82,0]}
exf4 {[%eval -97,0]} 17. Rg1 {[%eval -24,0]} Re8 {[%eval -42,0]} 18. Bg4 $4 {
[%eval -211,0] Blunder. Qe2 was best.} (18. Qe2) 18... Nxg4 {[%eval -224,0]}
19. Rxg4 {[%eval -292,0]} Bxc3+ {[%eval -212,0]} 20. bxc3 {[%eval -294,0]}
Rxe4+ {[%eval -211,0]} 21. Kf1 {[%eval -227,0]} Rxc4 {[%eval -266,0]} 22. Be3 {
[%eval -271,0]} Qb5 {[%eval -284,0]} 23. Kg1 {[%eval -279,0]} fxe3 {[%eval
-289,0]} 24. fxe3 $6 {[%eval -317,0] Inaccuracy. Rd4 was best.} (24. Rd4 Ke7
25. Qe2 Rc5 26. Qf3 Re8 27. Re1 Kd8 28. Rxe3 Rxe3 29. fxe3 b6 30. c4 Qd7) 24...
Ke7 {[%eval -318,0]} 25. Rg3 {[%eval -489,0]} Qa4 {[%eval -488,0]} 26. Qe2 {
[%eval -488,0]} Rf8 {[%eval -498,0]} 27. Rb1 {[%eval -453,0]} Nc5 {[%eval -456,
0]} 28. e4 {[%eval -416,0]} Rxe4 {[%eval -422,0]} 29. Re3 {[%eval -493,0]} Rxe3
{[%eval -433,0]} 30. Qxe3+ {[%eval -496,0]} Qe4 0-1

[Event "37th Reykjavik op"]
[Site "Reykjavik ISL"]
[Date "2024.03.17"]
[Round "4.25"]
[White "Hauksdottir, Hrund"]
[Black "Mardell, Jimmy"]
[WhiteElo "1859"]
[BlackElo "2172"]
[Result "1/2-1/2"]
[EventDate "2024.03.15"]
[PlyCount "90"]

1. e4 {[%eval 13,0]} c5 {[%eval 33,0]} 2. Nf3 {[%eval 22,0]} e6 {[%eval 41,0]}
3. d4 {[%eval 42,0]} cxd4 {[%eval 26,0]} 4. Nxd4 {[%eval 4,0]} Nc6 {[%eval 37,
0]} 5. c4 {[%eval 8,0]} Nf6 {[%eval 0,0]} 6. Nc3 {[%eval 12,0]} Bb4 {[%eval 16,
0]} 7. Nxc6 {[%eval 0,0]} bxc6 {[%eval 8,0]} 8. Bd3 {[%eval 19,0]} e5 {[%eval
17,0]} 9. O-O {[%eval 22,0]} O-O {[%eval 17,0]} 10. Be3 {[%eval 7,0]} Bxc3 {
[%eval 14,0]} 11. bxc3 {[%eval 9,0]} d6 {[%eval 12,0]} 12. Qa4 $6 {[%eval 56,0]
Inaccuracy. c5 was best.} (12. c5 d5) 12... c5 {[%eval 54,0]} 13. f3 {[%eval
78,0]} Qc7 {[%eval 73,0]} 14. Rab1 {[%eval 73,0]} Nd7 {[%eval 59,0]} 15. Rfd1 {
[%eval 55,0]} Nb6 {[%eval 6,0]} 16. Qb5 {[%eval 75,0]} Rb8 {[%eval 79,0]} 17.
Qa5 {[%eval 77,0]} Be6 {[%eval 81,0]} 18. Qa6 {[%eval 76,0]} Rfd8 {[%eval 82,0]
} 19. Rb3 {[%eval 86,0]} Qb7 {[%eval 84,0]} 20. Qa5 {[%eval 82,0]} Qd7 {
[%eval 79,0]} 21. Qa6 {[%eval 81,0]} Qa4 {[%eval 3,0]} 22. Qxa4 {[%eval 32,0]}
Nxa4 {[%eval 28,0]} 23. Rdb1 {[%eval 57,0]} Nb6 {[%eval 19,0]} 24. Bf2 $6 {
[%eval 96,0] Inaccuracy. a4 was best.} (24. a4) 24... Kf8 {[%eval 83,0]} 25. a4
{[%eval 88,0]} Nd7 {[%eval 43,0]} 26. Rb7 {[%eval 49,0]} a6 {[%eval 42,0]} 27.
g3 {[%eval 91,0]} Rxb7 {[%eval 8,0]} 28. Rxb7 {[%eval 81,0]} Nb8 $6 {[%eval 2,
0] Inaccuracy. Rb8 was best.} (28... Rb8 29. Ra7 Rb3 30. f4 Bh3 31. Be1 Nf6 32.
Rxa6 Rb2 33. fxe5 dxe5 34. Bf1 Be6 35. Bd3) 29. f4 {[%eval 26,0]} f6 {[%eval
22,0]} 30. Be2 {[%eval 5,0]} Bd7 {[%eval 0,0]} 31. Bd1 $2 {[%eval -88,0]
Mistake. fxe5 was best.} (31. fxe5 fxe5 32. Be3 Ke8 33. Bg5 Rc8 34. h3 h6 35.
Bh5+ Kf8 36. Bg4 Ke8) 31... Bc6 $6 {[%eval 33,0] Inaccuracy. Nc6 was best.} (
31... Nc6 32. Rc7 Ke8 33. Bh5+ g6 34. Bg4 Na5 35. h3 Bxg4 36. hxg4 Rd7 37. Rc8+
Kf7 38. Rh8) 32. Rb6 {[%eval 71,0]} Bxe4 {[%eval 55,0]} 33. a5 $6 {[%eval -68,
0] Inaccuracy. fxe5 was best.} (33. fxe5 fxe5) 33... Bd3 $2 {[%eval 28,0]
Mistake. Nc6 was best.} (33... Nc6) 34. Bb3 $6 {[%eval 74,0] Inaccuracy. fxe5
was best.} (34. fxe5 fxe5 35. g4 Bxc4 36. Bh4 Rc8 37. Rxd6 Nc6 38. Bc2 g6 39.
Bg5 Nxa5 40. h4 Bf7) 34... e4 $6 {[%eval 13,0] Inaccuracy. Ke7 was best.} (
34... Ke7 35. fxe5 fxe5 36. g4 h6 37. h4 Rg8 38. Ba4 Bxc4 39. Rb7+ Ke6 40. Bc2
g6 41. Rh7) 35. f5 {[%eval 22,0]} h5 {[%eval 0,0]} 36. Be3 {[%eval 0,0]} Ke7 {
[%eval 2,0]} 37. Bf4 {[%eval 22,0]} e3 {[%eval 28,0]} 38. Bxe3 {[%eval 26,0]}
Bxf5 {[%eval 17,0]} 39. h4 $6 {[%eval -74,0] Inaccuracy. Bd1 was best.} (39.
Bd1) 39... Be4 $2 {[%eval 0,0] Mistake. Nd7 was best.} (39... Nd7 40. Rxa6 Rb8
41. Ba4 Rb1+ 42. Kf2 Ne5 43. Bc6 Bd3 44. Bf4 Ng4+ 45. Kg2 Bf1+ 46. Kf3) 40. Bf4
{[%eval 16,0]} g6 {[%eval 17,0]} 41. Kf2 {[%eval 2,0]} Nc6 {[%eval 0,0]} 42.
Ke3 {[%eval 0,0]} Bg2 {[%eval 0,0]} 43. Rxa6 {[%eval 0,0]} Rb8 {[%eval 49,0]}
44. Bc2 {[%eval 6,0]} f5 $6 {[%eval 118,0] Inaccuracy. g5 was best.} (44... g5
45. hxg5 fxg5 46. Bxg5+ Kd7 47. Ba4 Kc7 48. Bb5 Rh8 49. Kf2 Be4 50. Bxc6 Bxc6
51. Ra7+) 45. Ba4 {[%eval 117,0]} Rc8 {[%eval 138,0]} 1/2-1/2